| 000 | 00753cam a22002657a 4500 | ||
|---|---|---|---|
| 003 | OSt | ||
| 005 | 20220107122743.0 | ||
| 008 | 130423b xxu||||| |||| 00| 0 eng d | ||
| 020 | _a9780387710402 | ||
| 040 | _cIIITM-K | ||
| 042 | _alccopycat | ||
| 082 | 0 | 0 | _a006.4 JAI/H |
| 100 | 1 |
_aJain, Anil K _919 |
|
| 245 | 1 | 0 |
_aHandbook of biometrics. _cby Anil K Jain; Patrick Flynn; Arun A Ross |
| 260 |
_aNew Delhi, _bSpringer India, _c2008. |
||
| 300 | _ax,556p. | ||
| 650 | 0 |
_aINFORMATION TECHNOLOGY _921 |
|
| 650 | 0 |
_aCOMPUTER SCIENCE _928 |
|
| 650 | 0 |
_aPATTERN RECOGNITION _94738 |
|
| 650 | 0 |
_aARTIFICIAL INTELLIGENCE _94739 |
|
| 650 | 0 |
_aBIOMETRIC SYSTEM _9254 |
|
| 700 |
_aFlynn, Patrick _94740 |
||
| 700 |
_aRoss, Arun A _94741 |
||
| 942 |
_2ddc _cBK |
||
| 999 |
_c4029 _d4029 |
||